00768nam a2200205 a 450000100100000000500170001000800410002702000150006804000250008308200150010810000470012324500800017026000480025030000280029850000620032650400290038804900090041795201190042699900170054500002196020200930011524.0100915s2006 cu a 000 0 spa d a9590504418 aDO-SdBNPbspacBNPHU axxxbL864a1 aLópez González, Walfridod1945-94554510aAnimales del hogar, el patio y el traspatio /cWalfrido López González. aLa Habana :bCientífico-Técnica,c2006. a211 p. :bil. ;c24 cm. aIncluye datos biográficos del autor en la contraportada aBibliografía : 209-211 aBNPD 001054708MOaGRbGRcCTd2010-09-15iLF1l0oxxx L864ap21960-10r2020-06-25w2020-06-25y4ZPréstamo en sala c21458d21458